<?xml version="1.0" encoding="UTF-8"?>
<record
    xmlns:xsi="http://www.w3.org/2001/XMLSchema-instance"
    xsi:schemaLocation="http://www.loc.gov/MARC21/slim http://www.loc.gov/standards/marcxml/schema/MARC21slim.xsd"
    xmlns="http://www.loc.gov/MARC21/slim">

  <leader>00992nam a2200253Ia 4500</leader>
  <controlfield tag="003">OSt</controlfield>
  <controlfield tag="005">20241011162828.0</controlfield>
  <controlfield tag="008">200731s9999    xx            000 0 und d</controlfield>
  <datafield tag="020" ind1=" " ind2=" ">
    <subfield code="a">750602764X</subfield>
  </datafield>
  <datafield tag="020" ind1=" " ind2=" ">
    <subfield code="a">9787506027649</subfield>
  </datafield>
  <datafield tag="040" ind1=" " ind2=" ">
    <subfield code="c">0</subfield>
  </datafield>
  <datafield tag="041" ind1=" " ind2=" ">
    <subfield code="a">chi</subfield>
  </datafield>
  <datafield tag="050" ind1=" " ind2=" ">
    <subfield code="a">BR115.C8</subfield>
    <subfield code="b">.Z42 2007</subfield>
  </datafield>
  <datafield tag="100" ind1=" " ind2=" ">
    <subfield code="a">&#x8D75;&#x6797;</subfield>
  </datafield>
  <datafield tag="245" ind1=" " ind2=" ">
    <subfield code="a">&#x66AE;&#x8272;&#x4E2D;&#x7684;&#x5341;&#x5B57;&#x67B6; :</subfield>
    <subfield code="b">&#x8D75;&#x6797;&#x968F;&#x601D;&#x5F55; /</subfield>
    <subfield code="c">&#x8D75;&#x6797;</subfield>
  </datafield>
  <datafield tag="246" ind1=" " ind2=" ">
    <subfield code="a">&#x66AE;&#x8272;&#x4E2D;&#x7684;&#x5341;&#x5B57;&#x67B6; :</subfield>
    <subfield code="b">&#x8D99;&#x6797;&#x96A8;&#x601D;&#x9304;/</subfield>
  </datafield>
  <datafield tag="260" ind1=" " ind2=" ">
    <subfield code="a">&#x5317;&#x4EAC;:</subfield>
    <subfield code="b">&#x6771;&#x65B9;&#x51FA;&#x7248;&#x793E;, </subfield>
    <subfield code="c">2007</subfield>
  </datafield>
  <datafield tag="300" ind1=" " ind2=" ">
    <subfield code="a">2, 183 p.</subfield>
    <subfield code="b">;</subfield>
    <subfield code="c">24 cm.</subfield>
  </datafield>
  <datafield tag="505" ind1=" " ind2=" ">
    <subfield code="a">&#x5728;&#x8FD9;&#x4E9B;&#x968F;&#x611F;&#x548C;&#x53CD;&#x601D;&#x4E2D;&#xFF0C;&#x65E2;&#x8BB0;&#x8F7D;&#x4E86;&#x4F5C;&#x8005;&#x5728;&#x8BB8;&#x591A;&#x5177;&#x4F53;&#x5883;&#x9047;&#x4E2D;&#x7684;&#x751F;&#x5B58;&#x4F53;&#x9A8C;&#xFF0C;&#x4E5F;&#x53CD;&#x6620;&#x4E86;&#x6211;&#x5BF9;&#x4E8E;&#x4E00;&#x4E9B;&#x6587;&#x5316;&#x73B0;&#x8C61;&#x7684;&#x7406;&#x8BBA;&#x5206;&#x6790;&#xFF1B;&#x5B57;&#x91CC;&#x884C;&#x95F4;&#x65E2;&#x7194;&#x94F8;&#x4E86;&#x70BD;&#x70C8;&#x7684;&#x60C5;&#x611F;&#xFF0C;&#x4E5F;&#x4F53;&#x73B0;&#x4E86;&#x51B7;&#x5CFB;&#x7684;&#x7406;&#x6027;&#x3002;
&#x672C;&#x4E66;&#x6536;&#x96C6;&#x4E86;&#x591A;&#x5E74;&#x6765;&#x4F5C;&#x8005;&#x5BF9;&#x4E8E;&#x4EBA;&#x751F;&#x7ECF;&#x5386;&#x7684;&#x4E00;&#x4E9B;&#x611F;&#x53D7;&#xFF0C;&#x4EE5;&#x53CA;&#x5BF9;&#x4E8E;&#x6587;&#x5316;&#x95EE;&#x9898;&#x7684;&#x4E00;&#x4E9B;&#x601D;&#x8003;&#x3002;</subfield>
  </datafield>
  <datafield tag="650" ind1=" " ind2=" ">
    <subfield code="a">Christianity and culture.&#xA0;</subfield>
  </datafield>
  <datafield tag="650" ind1=" " ind2=" ">
    <subfield code="a">Conduct of life.</subfield>
  </datafield>
  <datafield tag="650" ind1=" " ind2=" ">
    <subfield code="a">Philosophy.</subfield>
  </datafield>
  <datafield tag="942" ind1=" " ind2=" ">
    <subfield code="2">ddc</subfield>
    <subfield code="c">CB</subfield>
  </datafield>
  <datafield tag="952" ind1=" " ind2=" ">
    <subfield code="0">0</subfield>
    <subfield code="1">0</subfield>
    <subfield code="4">0</subfield>
    <subfield code="7">0</subfield>
    <subfield code="a">GETS</subfield>
    <subfield code="b">GETS</subfield>
    <subfield code="c">GEN</subfield>
    <subfield code="d">2020-07-09</subfield>
    <subfield code="l">0</subfield>
    <subfield code="o">BR115.C8 .Z42 2007</subfield>
    <subfield code="p">00000105</subfield>
    <subfield code="r">2020-07-09 00:00:00</subfield>
    <subfield code="w">2020-07-09</subfield>
    <subfield code="y">CB</subfield>
  </datafield>
  <datafield tag="999" ind1=" " ind2=" ">
    <subfield code="c">105</subfield>
    <subfield code="d">105</subfield>
  </datafield>
</record>
